000 01041nam a22002177a 4500
999 _c161030
_d161030
005 20190219131214.0
010 _aB-036795
035 _aB-036795
037 _bBPPD/PUB
082 _a
100 _aगोक्री, मक्सिम
245 _aचुनी हुई कहानियां
_c मक्सिम गोक्री
260 _aदिल्ली
_bप्रयंक प्रकाशन गृह
_c2001
270 _aएम-72, पंचशील गार्डेन, नवीन शाहदरा
_bदिल्ली
_e110032
300 _a192पृ.
_c22 सेमी (सजिल्द)
650 _aहिन्दी कहानियाँ
650 _aHindi Stories
700 _aखरे, ममता
_934318
942 _adpl
_cHN
_kक / ठाकुर
_2ddc
_h
_mठाकुर